| 000 | 00000nam##2200000za#4500 |
| 001 | 9.607874 |
| 003 | CaOODSP |
| 005 | 20210624213338 |
| 007 | cr ||||||||||| |
| 008 | 150406|2002||||xxc|||||o f|0| 0 fre|d |
| 040 | |aCaOODSP|bfre |
| 043 | |an-cn--- |
| 086 | 1 |aNH18-22/102-118F-PDF |
| 110 | 2 |aSociété canadienne d'hypothèques et de logement. |
| 245 | 10|aConformité des installations de ventilation mises en place en application des changements proposés au CNBC 1995 |h[ressource électronique] |
| 250 | |aRévision 2006 |
| 260 | |aOttawa - Ontario : |bSociété canadienne d'hypothèques et de logement |cc2002, 2006. |
| 300 | |a4p.|btableau |
| 490 | 1 |aLe point en recherche. Série technique |v02-118 |
| 500 | |aFichier reproduit à partir de l'original imprimé. |
| 590 | |a14-19-Supp|b2014-11-03 |
| 775 | 08|tCompliance of ventilation systems installed to meet proposed changes to the 1995 NBCC |w(CaOODSP)9.580987 |
| 830 | #0|aLe point en recherche. Série technique ;|v02-118|w(CaOODSP)9.501067 |
| 856 | 40|ahttp://publications.gc.ca|qPDF|s81 Ko|uhttps://publications.gc.ca/collections/collection_2014/schl-cmhc/NH18-22-102-118-fra.pdf|y02-118 |